[Event "Lyon op"]
[Site "Lyon"]
[Date "1990.??.??"]
[Round "?"]
[White "Vehi Bach, Victor Manuel"]
[Black "Landenbergue, Claude"]
[Result "1-0"]
[WhiteElo "2415"]
[BlackElo "2385"]

1.e4 e6 2.d4 d5 3.Nd2 Nc6 4.Ngf3 Nf6 5.e5 Nd7 6.Nb3 Be7 7.c3 a5 8.a4 b6 9.Bb5 Ncb8
10.Qe2 Ba6 11.h4 h6 12.h5 Qc8 13.Nh4 Bxh4 14.Rxh4 c6 15.Bxa6 Qxa6 16.Qg4 Rh7
17.Rh3 Qb7 18.Rf3 Na6 19.Qf4 Nf8 20.Bd2 Qe7 21.Rc1 Rc8 22.c4 dxc4 23.Rxc4 Qd7
24.Qe4 Qd5 25.Qc2 g6 26.Nc1 gxh5 27.Ne2 Ng6 28.b3 f5 29.exf6 Kf7 30.Nc3 Qd7
31.Rg3 Rg8 32.Ne2 Rhh8 33.Rxc6 h4 34.Re3 Rc8 35.Rxc8 Qxc8 36.Rc3 Qd7 37.Rc6 Kxf6
38.Rxb6 h3 39.gxh3 Nc7 40.Rb7 Qd5 41.Qxg6+ Kxg6 42.Nf4+ Kf5 43.Nxd5 Nxd5
44.Bxa5 Ke4 45.Bd2 h5 46.Ke2 Rf8 47.a5 Rc8 48.Rb5 Rc2 49.Rc5 Rb2 50.f3+ Kxd4
51.Rc4+ Ke5 52.b4 Kd6 53.h4 e5 54.Kd3 Rb3+ 55.Bc3 Nxc3 56.Kc2  1-0

[Event "Metz op"]
[Site "Metz"]
[Date "1990.??.??"]
[Round "3"]
[White "Rechel, Bernd"]
[Black "Legky, Nikolay A"]
[Result "1/2-1/2"]
[WhiteElo "2285"]
[BlackElo "2455"]

1.e4 e6 2.d4 d5 3.Nd2 a6 4.Ngf3 c5 5.Bd3 Nc6 6.exd5 exd5 7.dxc5 Bxc5 8.O-O Nf6
9.Nb3 Be7 10.c3 Bg4 11.Bg5 O-O 12.Be2 h6 13.Bh4 Re8 14.Re1 a5 15.a4 Qb6 16.Bb5 Ne4
17.Bg3 Bd6 18.Bh4 Be7 19.Bg3 Rad8 20.Qd3 Bf5 21.Nfd4 Bg6 22.Qf3 Bf6 23.Nf5 Ne5
24.Bxe5 Rxe5 25.Nfd4 Bh4 26.Rf1 Qc7 27.Qd1 Rh5 28.f4 Bg3 29.hxg3 Nxg3 30.Qf3 Rh1+
31.Kf2 Nxf1 32.Rxf1 Be4 33.Qg3 Rxf1+ 34.Kxf1 b6 35.Nd2 g5 36.Ne2 Qe7 37.Kg1 Rd6
38.fxg5 hxg5 39.Nd4 Rh6 40.Nxe4 dxe4 41.Qe3 Qe5 42.Nf3 Qf4 43.Qxf4 gxf4 44.Nd4 Kf8
45.Bc6 e3 46.Bf3 Rh8 47.Kf1 Ke7 48.Ke2 Kd6 49.Kd3 Ke5 50.Kc4 Rh6 51.Kb5 Rg6
52.Ne2 Rd6 53.b4 axb4 54.cxb4 f5 55.Ka6 Kf6 56.Kb7 Ke5 57.Kc7 Rg6 58.Bc6 Rh6
59.Kxb6 f3 60.gxf3 Rh2 61.f4+ Kd6 62.Bb5 Rh8 63.Ba6 Kd5 64.Ng3 Rb8+ 65.Bb7+ Kc4
66.a5 Rg8 67.Ne2 Rg6+ 68.Bc6 Kd3 69.a6 Kxe2 70.a7 Rg8 71.Bd5 Rh8 72.b5 Kf2
73.Bc4 Rc8 74.Bd3 Rd8 75.Bc4 Rc8  1/2-1/2

[Event "GMA-qual f"]
[Site "Moscow"]
[Date "1990.??.??"]
[Round "6"]
[White "Beliavsky, Alexander G"]
[Black "Eingorn, Vereslav S"]
[Result "1-0"]
[WhiteElo "2640"]
[BlackElo "2570"]

1.d4 e6 2.e4 d5 3.Nd2 a6 4.Ngf3 c5 5.exd5 exd5 6.Be2 cxd4 7.O-O Bd6 8.Nb3 Ne7
9.Bg5 Nbc6 10.Bh4 Qb6 11.Bg3 Bxg3 12.hxg3 O-O 13.Nfxd4 Nf5 14.c3 Nfxd4 15.cxd4 Bf5
16.Qd2 Rfe8 17.Rfc1 Rac8 18.Rc3 h6 19.Bf3 Be4 20.Bg4 Rcd8 21.Nc5 Re7 22.Re1 Qa7
23.Rce3 Rc7 24.Nxe4 dxe4 25.Rxe4 Rxd4 26.Re8+ Kh7 27.Bf5+  1-0

[Event "Novi Sad ol (Men)"]
[Site "Novi Sad"]
[Date "1990.??.??"]
[Round "2"]
[White "Yasseen, Aly"]
[Black "Comas Fabrego, Luis"]
[Result "1-0"]
[WhiteElo "2325"]
[BlackElo "2365"]

1.e4 e6 2.d4 d5 3.Nd2 Be7 4.Ngf3 Nf6 5.Bd3 c5 6.exd5 Qxd5 7.dxc5 Nbd7 8.Nb3 Nxc5
9.Nxc5 Qxc5 10.O-O Bd7 11.Qe2 O-O 12.Ne5 Rfd8 13.Nxd7 Rxd7 14.Bf4 Rad8 15.Qe3 Qxe3
16.Bxe3 Nd5 17.Bd2 Nb4 18.Bxb4 Bxb4 19.Rfd1 f5 20.Be2 Bd6 21.Kf1 Be5 22.Rxd7 Rxd7
23.Bc4 Kf7 24.Re1 Rd4 25.Bb3 Kf6 26.c3 Rd6 27.g3 g5 28.f3 h5 29.Re2 a5 30.Kg2 Rb6
31.h3 Bc7 32.g4 hxg4 33.hxg4 Bf4 34.Kf2 Rd6 35.a4 Be5 36.Bc4 b6 37.Bb3 Rd8
38.f4 Bxf4 39.Rxe6+ Kg7 40.gxf5 Rd2+ 41.Kf3 Rxb2 42.f6+ Kf8 43.Rxb6 Bc7 44.Rb7 Be5
45.Rf7+ Ke8 46.Re7+  1-0

[Event "Novi Sad ol (Men)"]
[Site "Novi Sad"]
[Date "1990.??.??"]
[Round "12"]
[White "Martin del Campo, Roberto"]
[Black "Comas Fabrego, Luis"]
[Result "1-0"]
[WhiteElo "2410"]
[BlackElo "2365"]

1.e4 e6 2.d4 d5 3.Nd2 Nc6 4.Ngf3 Nf6 5.e5 Nd7 6.Bb5 f6 7.exf6 Qxf6 8.Nf1 Bd6
9.Ne3 O-O 10.O-O Qe7 11.c3 Nf6 12.c4 dxc4 13.Nxc4 Bd7 14.Bg5 a6 15.Ba4 b5
16.Nxd6 Qxd6 17.Bb3 Kh8 18.Bh4 a5 19.Rc1 a4 20.Bc2 Be8 21.Bb1 a3 22.b3 Ra6
23.Qd3 Nb4 24.Qd2 Rc6 25.Bg3 Qe7 26.Bxc7 Bh5 27.Ba5 Rxc1 28.Bxb4 Rxf1+ 29.Kxf1 Qe8
30.Bxf8 Qxf8 31.Ne5 Be8 32.Qc3 b4 33.Qc5 Kg8 34.Bd3 Nd7 35.Nxd7 Bxd7 36.Bxh7+ Kf7
37.Qh5+ Ke7 38.Qc5+ Kf7 39.Bg6+ Kg8 40.Qxf8+ Kxf8 41.Ke2 Ke7 42.f4 Bc6 43.g3 Kf6
44.Bc2 g5 45.Ke3 Bd5 46.fxg5+ Kxg5 47.Bd1  1-0

[Event "Novi Sad ol (Men)"]
[Site "Novi Sad"]
[Date "1990.??.??"]
[Round "14"]
[White "Geenen, Marc"]
[Black "Johansen, Darryl K"]
[Result "0-1"]
[WhiteElo "2345"]
[BlackElo "2445"]

1.e4 e6 2.d4 d5 3.Nd2 Nc6 4.Ngf3 Nf6 5.e5 Nd7 6.Be2 Be7 7.Nf1 O-O 8.Ne3 f6
9.exf6 Nxf6 10.O-O Bd6 11.b3 b6 12.Bb2 Ne7 13.Re1 Ne4 14.Ng4 Ng6 15.g3 Qe8
16.Bd3 Bb7 17.Nge5 Nxe5 18.Bxe4 dxe4 19.Nxe5 Bxe5 20.dxe5 Rd8 21.Qc1 e3 22.fxe3 Qf7
23.Rf1 Qg6 24.Rf4 Rxf4 25.exf4 Qe4 26.Kf2 Qg2+ 27.Ke1 Qh1+  0-1

[Event "Nuernberg"]
[Site "Nuernberg"]
[Date "1990.??.??"]
[Round "?"]
[White "Nunn, John DM"]
[Black "Landenbergue, Claude"]
[Result "1-0"]
[WhiteElo "2600"]
[BlackElo "2385"]

1.e4 e6 2.d4 d5 3.Nd2 Nc6 4.Ngf3 Nf6 5.e5 Nd7 6.Be2 f6 7.exf6 Qxf6 8.Nf1 Bd6
9.Ne3 O-O 10.O-O Qf7 11.c4 Nf6 12.c5 Bf4 13.g3 Bh6 14.a3 Bd7 15.b4 a6 16.Qb3 Be8
17.Ng2 Bxc1 18.Raxc1 Ne4 19.Qe3 Qf5 20.Nfh4 Qf6 21.f3 Nxg3 22.hxg3 g5 23.Rcd1 Rd8
24.f4 gxh4 25.Nxh4 Rd7 26.Bg4 Rg7 27.Qxe6+ Kh8 28.Kh2 a5 29.Qxf6 Rxf6 30.Rfe1 Rf8
31.Bh3 axb4 32.axb4 Nxb4 33.Re5 Bc6 34.Be6 Re7 35.f5 Rg7 36.Kh3 Re7 37.g4 Ra8
38.g5 Ra3+ 39.Kg4 Nd3 40.Re2 Bb5 41.Rb1 c6  1-0

[Event "Orange op"]
[Site "Orange"]
[Date "1990.??.??"]
[Round "8"]
[White "Georgiev, Krum"]
[Black "Prie, Eric"]
[Result "1/2-1/2"]
[WhiteElo "2455"]
[BlackElo "2405"]

1.e4 e6 2.d4 d5 3.Nd2 Nc6 4.Ngf3 Nf6 5.e5 Nd7 6.Bb5 a5 7.O-O Ncb8 8.Re1 b6
9.Nf1 Ba6 10.Bxa6 Nxa6 11.Ng3 Be7  1/2-1/2

[Event "Paris-ch"]
[Site "Paris"]
[Date "1990.??.??"]
[Round "?"]
[White "Smagin, Sergey"]
[Black "Bergsson, Snorri"]
[Result "1-0"]
[WhiteElo "2520"]
[BlackElo "2230"]

1.e4 e6 2.d4 d5 3.Nd2 Nc6 4.Ngf3 Nf6 5.e5 Nd7 6.Be2 f6 7.exf6 Nxf6 8.O-O Bd6
9.b3 O-O 10.Bb2 Kh8 11.c4 Ne4 12.Nxe4 dxe4 13.Nd2 Bf4 14.Nxe4 Bxh2+ 15.Kxh2 Qh4+
16.Kg1 Qxe4 17.Bf3 Qf4 18.Re1 Bd7 19.d5 exd5 20.cxd5 Nd8 21.Re7 Rf7 22.Qe2 Rxe7
23.Qxe7 Qf7 24.Re1 Kg8 25.Bh5  1-0

[Event "Paris-ch"]
[Site "Paris"]
[Date "1990.??.??"]
[Round "?"]
[White "Schmidt, Kresten"]
[Black "Praud, Jean Luc"]
[Result "1-0"]
[WhiteElo "2330"]
[BlackElo "2265"]

1.e4 e6 2.d4 d5 3.Nd2 a6 4.Ngf3 c5 5.exd5 exd5 6.Be2 Nf6 7.O-O Be7 8.dxc5 Bxc5
9.Nb3 Ba7 10.Bg5 O-O 11.Nbd4 Bg4 12.h3 Bh5 13.c3 Nbd7 14.Nf5 Re8 15.g4 Bg6
16.N3d4 Qc7 17.Bh4 Ne4 18.Kg2 Bxf5 19.Nxf5 Qe5 20.f4 Qe6 21.Bf3 g6 22.Nh6+ Kg7
23.g5 f5 24.gxf6+ Ndxf6 25.Ng4 Nh5 26.Qc1 Rf8 27.f5 Rxf5 28.Qh6+ Kg8 29.Rae1 Raf8
30.c4 Qf7 31.Qc1 Rxf3 32.Nh6+ Kg7 33.Nxf7 Nf4+ 34.Kxf3 Rxf7 35.Qxf4 Rxf4+
36.Kxf4 Nd2 37.Re7+ Kf8 38.Rfe1 g5+ 39.Bxg5 Bc5 40.Bh6+  1-0

[Event "World op"]
[Site "Philadelphia"]
[Date "1990.??.??"]
[Round "3"]
[White "Gurevich, Ilya"]
[Black "Schain, Randolph"]
[Result "1-0"]
[WhiteElo "2410"]
[BlackElo "2255"]

1.e4 e6 2.d4 d5 3.Nd2 Nc6 4.Ngf3 Nf6 5.e5 Nd7 6.Be2 Be7 7.Nf1 f6 8.exf6 Bxf6
9.Ne3 O-O 10.O-O Kh8 11.c3 Qe8 12.Ng4 e5 13.dxe5 Ncxe5 14.Ngxe5 Bxe5 15.Re1 Qf7
16.Be3 Bf6 17.Qd2 c6 18.Bd4 Bxd4 19.cxd4 Nf6 20.Bd3 Bg4 21.Ng5 Qd7 22.f3 Bf5
23.Bxf5 Qxf5 24.Re5 Qg6 25.Rae1 Rfe8 26.h4 Nd7 27.Re7 Rxe7 28.Rxe7 Nf6 29.Rxb7 Qb1+
30.Kh2 Qxa2 31.Nf7+ Kg8 32.Qg5 Ne8 33.Nh6+  1-0

[Event "Bohemians"]
[Site "Prague"]
[Date "1990.??.??"]
[Round "?"]
[White "Palac, Mladen"]
[Black "Landenbergue, Claude"]
[Result "1-0"]
[WhiteElo "2505"]
[BlackElo "2385"]

1.e4 e6 2.d4 d5 3.Nd2 Nc6 4.Ngf3 Nf6 5.e5 Nd7 6.Bb5 Be7 7.O-O a6 8.Bxc6 bxc6
9.Nb3 c5 10.Na5 Nb8 11.dxc5 Bxc5 12.Bg5 Qd7 13.Qd2 Bb6 14.Qb4 h6 15.Be3 Qe7
16.Qc3 Bxe3 17.fxe3 O-O 18.b4 Bd7 19.Nd4 Rc8 20.Ndb3 Be8 21.Nc5 Nd7 22.Nab3 Nb6
23.Rf4 Qg5 24.h4 Qh5 25.Na5 Bb5 26.Qd4 Rf8 27.a4 Bc4 28.Nc6 Rfe8 29.Rg4 Nc8
30.Nd7 Kh8 31.Rxg7 Kxg7 32.Nf6 Qg6 33.Nxe8+ Kf8 34.Nxc7  1-0

[Event "Prague T10"]
[Site "Prague"]
[Date "1990.??.??"]
[Round "1"]
[White "Pribyl, Josef"]
[Black "Hausner, Ivan"]
[Result "1/2-1/2"]
[WhiteElo "2440"]
[BlackElo "2440"]

1.e4 e6 2.d4 d5 3.Nd2 Be7 4.Ngf3 c5 5.exd5 exd5 6.Bb5+ Nc6 7.dxc5 Bxc5 8.O-O Ne7
9.Nb3 Bd6 10.Bxc6+ bxc6 11.Be3 O-O 12.Bc5 Bxc5 13.Nxc5 Qd6 14.Qd4 Nf5 15.Qc3 Re8
16.Rfe1 Bd7 17.Nd4 Nxd4 18.Qxd4 Rxe1+ 19.Rxe1 Re8 20.Rxe8+ Bxe8 21.c4 f6
22.cxd5 cxd5 23.b4 Bb5  1/2-1/2

[Event "Prestwich"]
[Site "Prestwich"]
[Date "1990.??.??"]
[Round "1"]
[White "Sherzer, Alex"]
[Black "Anand, Viswanathan"]
[Result "1/2-1/2"]
[WhiteElo "2440"]
[BlackElo "2555"]

1.e4 e6 2.d4 d5 3.Nd2 Nc6 4.c3 e5 5.dxe5 dxe4 6.Qa4 e3 7.fxe3 g6 8.Ngf3 Bg7
9.Bc4 Nh6 10.Ne4 O-O 11.Nf6+ Kh8 12.O-O Nxe5 13.Nxe5 Bxf6 14.Nf3 Ng4 15.e4 c6
16.Qc2 b5 17.Bb3 a5 18.a3 a4 19.Ba2 Ba6 20.Re1 Qb6+ 21.Kh1 Nf2+ 22.Kg1 Nd3+
23.Be3 Nxe1 24.Rxe1 Qc7 25.e5 Bg7 26.Bc5 Rae8 27.Bxf8 Rxf8 28.Qf2 c5 29.Bd5 Rd8
30.e6 fxe6 31.Bxe6 Rf8 32.Qh4 Bf6 33.Qh6 Qg7 34.Qxg7+ Kxg7 35.Rd1 Rd8 36.Rxd8 Bxd8
37.Bd7 Kf6 38.Kf2 Ke7 39.Bc6 Kd6 40.Be8 Bf6 41.Nd2 Kc7 42.Ne4 Be7 43.Ke3 c4
44.Kf4 Kb6 45.Ke5 Bb7 46.Nd6 Ba6 47.Ne4 Bd8 48.g3 Bb7 49.Nf6 Ka5 50.Nxh7 Bc7+
51.Kf6 Bb6 52.Kxg6 Be3 53.Nf6 Bc1 54.h4 Bf3 55.g4 Bxb2 56.h5 Bxc3 57.h6 Bxf6
58.Kxf6 Be4 59.Bg6 Bxg6 60.Kxg6 c3 61.h7 c2 62.h8=Q c1=Q  1/2-1/2

[Event "Pula tt2"]
[Site "Pula"]
[Date "1990.??.??"]
[Round "8"]
[White "Milosevic, Goran"]
[Black "Kovacevic, Veljko"]
[Result "0-1"]
[WhiteElo "2385"]
[BlackElo "2305"]

1.e4 e6 2.d4 d5 3.Nd2 Nc6 4.Ngf3 Nf6 5.e5 Nd7 6.Bd3 Nb4 7.Be2 c5 8.c3 Nc6
9.Bd3 a5 10.O-O cxd4 11.cxd4 a4 12.Nb1 Be7 13.a3 Nb6 14.Nc3 Bd7 15.Bc2 h5
16.Kh1 g6 17.Be3 Kf8 18.Qc1 Kg7 19.Rd1 Na5 20.Bg5 Rc8 21.Qf4 Nac4 22.Rab1 h4
23.Bd3 Be8 24.Rdc1 Na5 25.Ne2 Nbc4 26.Neg1 Nb3 27.Bxe7 Qxe7 28.Rd1 Bb5 29.Nh3 Ba6
30.Nhg5 Rh5 31.Nh3 Nca5 32.Qg4 Bxd3 33.Rxd3 Rc4 34.Re1 Nc6 35.Nf4 Rf5 36.Nxh4 Rg5
37.Qh3 Nbxd4 38.Rc3 Rxc3 39.bxc3 Nc2 40.Re2 Qxa3 41.g3 Qc1+  0-1

[Event "Reykjavik op"]
[Site "Reykjavik"]
[Date "1990.??.??"]
[Round "10"]
[White "Arnason, Jon L"]
[Black "Dreev, Alexey"]
[Result "1-0"]
[WhiteElo "2500"]
[BlackElo "2605"]

1.e4 e6 2.d4 d5 3.Nd2 a6 4.Ngf3 c5 5.dxc5 Bxc5 6.Bd3 Nf6 7.O-O Qc7 8.a3 Be7
9.Re1 O-O 10.e5 Nfd7 11.Nb3 Nc6 12.Bf4 Nb6 13.c3 Nc4 14.Qe2 b5 15.Nbd4 Bd7
16.Nxc6 Bxc6 17.Ng5 Bxg5 18.Bxg5 Rae8 19.Bxh7+ Kxh7 20.Qh5+ Kg8 21.Bf6 gxf6
22.Qg4+ Kh7 23.exf6 Kh6 24.f4  1-0

[Event "Rome op"]
[Site "Rome"]
[Date "1990.??.??"]
[Round "2"]
[White "Bellia, Fabrizio"]
[Black "Contin, Daniel"]
[Result "0-1"]
[WhiteElo "2320"]
[BlackElo "2380"]

1.e4 e6 2.d4 d5 3.Nd2 Nc6 4.c3 dxe4 5.Nxe4 Qd5 6.Ng3 e5 7.Nf3 Bg4 8.Be2 O-O-O
9.O-O exd4 10.Nxd4 Bxe2 11.Qxe2 Nxd4 12.cxd4 h5 13.Ne4 Qe6 14.Qf3 f6 15.Be3 Qg4
16.Qxg4+ hxg4 17.Rac1 Ne7 18.Rc4 Nd5 19.Rfc1 Be7 20.Bd2 Rh4 21.Ng3 g6 22.Nf1 Bd6
23.g3 Rh3 24.Re1 Kd7 25.a3 Rdh8 26.Rc2 c6 27.Bc1 Bc7 28.Kg2 Bb6 29.Rd1 Re8
30.f3 f5 31.fxg4 fxg4 32.Rf2 Rh7 33.Bg5 Re4 34.Bf6 Rf7 35.Bh8 Rh7 36.Bf6 Ke6
37.Be5 Rxe5 38.dxe5 Bxf2 39.Kxf2 Rf7+ 40.Kg1 Kxe5 41.Re1+ Kd4 42.Re6 Rf6
43.Re8 Kd3 44.Rb8 b6 45.Re8 a5 46.Re5 a4 47.Kg2 Kc2 48.Re2+ Kd1 49.Re4 Kc1
50.Rxg4 Rxf1 51.Rc4+ Kxb2  0-1

[Event "ARG-ch"]
[Site "San Luis"]
[Date "1990.??.??"]
[Round "6"]
[White "Adla, Diego"]
[Black "Tempone, Marcelo"]
[Result "0-1"]
[WhiteElo "2335"]
[BlackElo "2390"]

1.d4 e6 2.e4 d5 3.Nd2 Be7 4.Ngf3 Nf6 5.Bd3 c5 6.e5 Nfd7 7.c3 Nc6 8.O-O Qb6
9.Re1 cxd4 10.cxd4 Nxd4 11.Nxd4 Qxd4 12.Nf3 Qb6 13.Qa4 Qb4 14.Qc2 Nc5 15.Bd2 Qa4
16.b3 Qd7 17.Nd4 Nxd3 18.Qxd3 O-O 19.Re3 f5 20.exf6 Bxf6 21.Nxe6 Bxa1 22.Nxf8 Qf5
23.Qf1 Bd4 24.Re8 Kf7 25.Ne6 Kxe8 26.Nxd4 Qe4 27.Be3 Bd7 28.h3 Kf7 29.Qe1 Qe7
30.Qd1 Kg8 31.Qf3 Qe4 32.Qg3 Qg6 33.Qe5 Qf7 34.a4 a6 35.Kh2 Re8 36.Qd6 Bf5
37.Qb6 Be4 38.f3 Bg6 39.Bf2 Rc8 40.Bg3 Qe7  0-1

[Event "ARG-ch"]
[Site "San Luis"]
[Date "1990.??.??"]
[Round "15"]
[White "Bronstein, Luis"]
[Black "Zarnicki, Pablo"]
[Result "1/2-1/2"]
[WhiteElo "2390"]
[BlackElo "2390"]

1.e4 e6 2.d4 d5 3.Nd2 Nc6 4.c3 e5 5.exd5 Qxd5 6.Ngf3 exd4 7.Bc4 Qf5 8.cxd4 Be6
9.O-O O-O-O 10.Qa4 Kb8 11.Bxe6 fxe6 12.Nc4 Nf6 13.Be3 Nd5  1/2-1/2

[Event "Wch Girls U20"]
[Site "Santiago"]
[Date "1990.??.??"]
[Round "?"]
[White "Marin Ionescu, Luiza"]
[Black "Arribas, Maritza"]
[Result "1-0"]
[WhiteElo "2085"]
[BlackElo "2190"]

1.e4 e6 2.d4 d5 3.Nd2 Nc6 4.Ngf3 Nf6 5.e5 Nd7 6.Bb5 f6 7.exf6 Qxf6 8.Bxc6 bxc6
9.c4 c5 10.O-O cxd4 11.Re1 Bd6 12.cxd5 e5 13.Nxd4 Nc5 14.Qh5+ g6 15.Qf3 O-O
16.Qxf6 Rxf6 17.Nc6 Nd3 18.Ne4 Nxe1 19.Nxf6+ Kg7 20.Bg5 Nc2 21.Rc1 Bf5 22.g4 Bd3
23.Nd7 e4 24.Bf6+ Kf7 25.Be5 Re8 26.g5 a6 27.Bxd6 cxd6 28.Nf6 Rh8 29.Ng4 Kg7
30.Ne3 Nxe3 31.fxe3 Rf8 32.Nd4 Kg8 33.Rc7 Rf7 34.Rc8+ Rf8 35.Rc6 Rd8 36.Ne6 Rb8
37.Rxd6 Rxb2 38.a4 Rb7 39.Rd8+ Kf7 40.Rh8 Rb1+  1-0

[Event "Wch U20"]
[Site "Santiago"]
[Date "1990.??.??"]
[Round "8"]
[White "Watanabe, Roberto"]
[Black "Peralta, Eduardo"]
[Result "1-0"]
[WhiteElo "2255"]
[BlackElo "2255"]

1.e4 e6 2.d4 d5 3.Nd2 a6 4.Ngf3 c5 5.exd5 exd5 6.Be2 Nc6 7.O-O cxd4 8.Re1 Be7
9.Nb3 Nf6 10.Nbxd4 O-O 11.c3 Bg4 12.h3 Bxf3 13.Bxf3 Qd7 14.Qd3 Rfe8 15.Nf5 Bf8
16.Bf4 b5 17.Rad1 h6 18.Rxe8 Rxe8 19.Ne3 Ne5 20.Bxe5 Rxe5 21.Bxd5 Bc5 22.Bb3 Qa7
23.Kf1 Bxe3 24.fxe3 Rxe3 25.Qd4 Qxd4 26.Rxd4 Kf8 27.Rd6 a5 28.Rb6 Re5 29.Rb8+ Ne8
30.a4 bxa4 31.Bxa4 f6 32.Ra8 Kf7 33.Ra7+ Kf8 34.Ra8 Kf7 35.Bxe8+ Rxe8 36.Rxa5 Rb8
37.b4 Rc8 38.Ra3 Ke6 39.Ke2 Rd8 40.Ra2 h5 41.Ke3 Rd1 42.Rd2 Rb1 43.Kd4 Kd6
44.Kc4+ Kc6 45.Ra2 Kb6 46.Re2 Kc6 47.Re7  1-0

[Event "Wch U20"]
[Site "Santiago"]
[Date "1990.??.??"]
[Round "9"]
[White "Varga, Zoltan"]
[Black "Giaccio, Alfredo"]
[Result "0-1"]
[WhiteElo "2400"]
[BlackElo "2225"]

1.e4 e6 2.d4 d5 3.Nd2 a6 4.c4 dxc4 5.Bxc4 b5 6.Bb3 Qxd4 7.Ngf3 Qb6 8.O-O Nd7
9.e5 Bb7 10.a4 c5 11.Qe2 Ne7 12.Bc4 Bxf3 13.gxf3 Rb8 14.axb5 axb5 15.Bd3 Ng6
16.Bxg6 hxg6 17.Rd1 c4 18.b3 Qd4 19.Ra6 cxb3 20.Nxb3 Qh4 21.h3 Qxh3  0-1

[Event "Schwaebisch Gmuend op"]
[Site "Schwaebisch Gmuend"]
[Date "1990.??.??"]
[Round "?"]
[White "Maksimovic, Branimir"]
[Black "Legky, Nikolay A"]
[Result "0-1"]
[WhiteElo "2365"]
[BlackElo "2455"]

1.e4 e6 2.d4 d5 3.Nd2 a6 4.Ngf3 c5 5.Bd3 Nc6 6.dxc5 Bxc5 7.O-O Nf6 8.Qe2 Qc7
9.Nb3 Nxe4 10.Bxe4 dxe4 11.Qxe4 Bd6 12.Be3 Ne5 13.Nbd2 Bd7 14.Nxe5 Bxe5 15.Nc4 Bxh2+
16.Kh1 Bb5 17.Nb6 Rd8 18.Rfd1 O-O 19.Bd4 Qf4 20.Qxf4 Bxf4 21.c4 Bc6 22.b4 Rfe8
23.a4 Be4 24.Be3 Be5 25.Rac1 f6 26.b5 Bb2 27.c5 Bxc1 28.Rxc1 axb5 29.axb5 Re7
30.f3 Bd5 31.Rd1 g5 32.Bf2 f5 33.Rd2 f4 34.Kh2 Kf7 35.g3 Rg8 36.Bd4 g4 37.fxg4 Rxg4
38.gxf4 Re8 39.Be5 Reg8 40.Rd3 Rg2+ 41.Kh3 R2g6 42.Kh2 Rh6+  0-1

[Event "Wch U16"]
[Site "Singapore"]
[Date "1990.??.??"]
[Round "?"]
[White "Liss, Eran"]
[Black "Topalov, Veselin"]
[Result "1-0"]
[WhiteElo "2300"]
[BlackElo "2495"]

1.e4 e6 2.d4 d5 3.Nd2 Nc6 4.Ngf3 Nf6 5.e5 Nd7 6.Nb3 a5 7.a4 Be7 8.Bb5 Ncb8
9.h4 f6 10.exf6 Bxf6 11.Ng5 Qe7 12.f4 h6 13.Qh5+ Kf8 14.Bd3 b6 15.Bg6 Nc6
16.c3 e5 17.O-O exd4 18.Nh7+ Rxh7 19.Bxh7 Qd6 20.Re1 Ba6 21.Bf5 Nc5 22.Nxc5 Qxc5
23.Bd7 Ne7 24.Be6 g6 25.Qxh6+ Bg7 26.Qh7 dxc3+ 27.Be3 d4 28.f5 Nxf5 29.Qg8+ Ke7
30.Qf7+ Kd6 31.Qd7+  1-0

[Event "BUL-FRA m"]
[Site "Sofia"]
[Date "1990.??.??"]
[Round "7"]
[White "Dimitrov, Vladimir"]
[Black "Prie, Eric"]
[Result "1-0"]
[WhiteElo "2455"]
[BlackElo "2435"]

1.e4 e6 2.d4 d5 3.Nd2 Nc6 4.Ngf3 Nf6 5.e5 Nd7 6.Bd3 f6 7.exf6 Qxf6 8.O-O Bd6
9.c4 Nxd4 10.Nxd4 Qxd4 11.Nf3 Qf6 12.Bg5 Qf7 13.cxd5 O-O 14.dxe6 Qxe6 15.Re1 Qf7
16.Qc2 Qh5 17.Be7 Bxe7 18.Rxe7 c6 19.Rae1 Nb6 20.R1e5 Qh6 21.Ng5 Bd7 22.Bxh7+ Kh8
23.Bg6  1-0

[Event "BUL-FRA m"]
[Site "Sofia"]
[Date "1990.??.??"]
[Round "9"]
[White "Spasov, Vasil"]
[Black "Prie, Eric"]
[Result "1/2-1/2"]
[WhiteElo "2440"]
[BlackElo "2435"]

1.e4 e6 2.d4 d5 3.Nd2 Nc6 4.Ngf3 Nf6 5.e5 Nd7 6.Bb5 a5 7.O-O Ncb8 8.c3 b6
9.Re1 Ba6 10.Ba4 Bd3 11.Nf1 Bg6 12.Bg5 Be7 13.Bxe7 Qxe7 14.Ng3 c6 15.Qd2 b5
16.Bd1 Nb6 17.h4 h6 18.Bc2 N6d7 19.Re2  1/2-1/2

[Event "Val Maubuee op"]
[Site "Val Maubuee"]
[Date "1990.??.??"]
[Round "?"]
[White "Palac, Mladen"]
[Black "Prie, Eric"]
[Result "1-0"]
[WhiteElo "2505"]
[BlackElo "2435"]

1.e4 e6 2.d4 d5 3.Nd2 Nc6 4.Ngf3 Nf6 5.e5 Nd7 6.Bb5 a5 7.O-O Ncb8 8.Bd3 b6
9.c4 Ba6 10.b3 Nc6 11.Bb2 a4 12.bxa4 Nb4 13.Be2 dxc4 14.Bxc4 Bxc4 15.Nxc4 Ra7
16.Ne3 Qa8 17.Qb3 Be7 18.Ba3 Rxa4 19.Bxb4 Bxb4 20.Rac1 c5 21.d5 exd5 22.Nxd5 O-O
23.Qd3 Qd8 24.Qf5 Ra7 25.Rcd1 Qe8 26.Ng5 g6 27.Qxd7 Rxd7 28.Nf6+ Kh8 29.Rxd7 Qxe5
30.Nxf7+  1-0

[Event "Vienna op"]
[Site "Vienna"]
[Date "1990.??.??"]
[Round "6"]
[White "Kengis, Edvins"]
[Black "Blees, Albert"]
[Result "1-0"]
[WhiteElo "2545"]
[BlackElo "2400"]

1.e4 e6 2.d4 d5 3.Nd2 a6 4.Ngf3 c5 5.dxc5 Bxc5 6.Bd3 Nc6 7.a3 Nge7 8.O-O O-O
9.b4 Ba7 10.Bb2 Ng6 11.e5 Nf4 12.Nb3 Bd7 13.Qd2 Nxd3 14.cxd3 Ne7 15.Bd4 Bb8
16.a4 Nf5 17.Bc5 Re8 18.a5 f6 19.Rae1 fxe5 20.Nxe5 Bxe5 21.Rxe5 Rc8 22.Rfe1 Nh4
23.Bd4 Ng6 24.R5e2 Qh4 25.Be5 Bc6 26.Nc5 d4 27.Bg3 Qh5 28.Nxe6 Qd5 29.f3 Nf8
30.Re5 Qd7 31.Nc5 Qf7 32.h4 Rxe5 33.Bxe5 Rd8 34.Qg5 Rd5 35.Qg3 Ng6 36.h5 Ne7
37.Qxg7+ Qxg7 38.Bxg7 Nf5 39.h6 Ne3 40.Ne4 Rb5 41.Rb1 Nf5 42.Bf6 Kf7 43.Bd8 Rd5
44.Bg5 Kg6 45.Kf2 Nxh6 46.Bxh6 Kxh6 47.Nc5 Kg6 48.Re1 Kf7 49.Rh1 h5 50.Rh4 Bb5
51.Rf4+ Kg6 52.Re4 Kf7 53.Kg3 Bc6 54.Kh4 Rd8 55.Re5 Rg8 56.Rf5+ Ke7 57.Rg5  1-0

[Event "POL-ch"]
[Site "Warsaw"]
[Date "1990.??.??"]
[Round "1"]
[White "Sznapik, Aleksander"]
[Black "Strzelecki, Krzysztof"]
[Result "1-0"]
[WhiteElo "2485"]
[BlackElo "2415"]

1.e4 e6 2.d4 d5 3.Nd2 Be7 4.Ngf3 Nf6 5.Bd3 c5 6.e5 Nfd7 7.c3 Nc6 8.O-O cxd4
9.cxd4 Qb6 10.Re1 a5 11.Qe2 g5 12.Nb3 g4 13.Ng5 a4 14.Nc5 Nxd4 15.Qxg4 Bxc5
16.Nxf7 Rf8 17.Nd6+ Kd8 18.Be3 Nc6 19.Bxc5 Nxc5 20.Bxh7 Bd7 21.Rac1 Kc7 22.Re2 Ra5
23.Qg7 Rf4 24.g3 Nd4 25.Re3 Rxf2 26.Kxf2 Qxb2+ 27.Rc2 Nxc2 28.Re2 Qd4+ 29.Kf3 Qc3+
30.Kg2 Ne3+ 31.Kh3 Ra8 32.Qg5 Rh8 33.Qg7 Rd8 34.Nb5+ Kb6 35.Nxc3  1-0

[Event "Hoogovens"]
[Site "Wijk aan Zee"]
[Date "1990.??.??"]
[Round "9"]
[White "Anand, Viswanathan"]
[Black "Gurevich, Mikhail"]
[Result "1/2-1/2"]
[WhiteElo "2555"]
[BlackElo "2645"]

1.e4 e6 2.d4 d5 3.Nd2 a6 4.Ngf3 c5 5.dxc5 Bxc5 6.Bd3 Nf6 7.O-O Nc6 8.exd5 Nxd5
9.Ne4 Be7 10.c4 Nf6 11.a3 Qc7 12.b4 Nxe4 13.Bxe4 Bf6 14.Ra2 Bd7 15.Be3 Ne5
16.Nxe5 Bxe5 17.f4 Bf6 18.Qf3 Rd8 19.f5 Qxc4 20.Rc2 Qb3 21.Bb6 Qxf3 22.Bxf3 Rc8
23.Rfc1 O-O 24.Bxb7 Rxc2 25.Rxc2 Rb8 26.Rc7 Bd8 27.Rxd7 Bxb6+ 28.Kf1 a5 29.fxe6  1/2-1/2

[Event "Wuppertal (Women)"]
[Site "Wuppertal"]
[Date "1990.??.??"]
[Round "8"]
[White "Heintze, Marion"]
[Black "Ehrke, Anja"]
[Result "1/2-1/2"]
[WhiteElo "2180"]
[BlackElo "2275"]

1.e4 e6 2.d4 d5 3.Nd2 Nc6 4.Ngf3 Nf6 5.e5 Nd7 6.Nb3 a6 7.c3 f6 8.exf6 Qxf6
9.Bg5 Qf7 10.Bd3 Bd6 11.Bh4 Qh5 12.Qe2 e5 13.dxe5 Ndxe5 14.Nxe5 Qxe2+ 15.Bxe2 Nxe5
16.Rd1 c6 17.Bg3 O-O 18.O-O Bf5 19.Nd4 Bg6 20.f4 Nd7 21.f5 Bxg3 22.fxg6 Bc7
23.gxh7+ Kxh7 24.Bd3+ g6 25.Nf3 Bf4 26.g3 Be3+ 27.Kg2 Kg7 28.Rde1 Rae8 29.Re2 Bb6
30.Rfe1 Rxe2+ 31.Rxe2 Bd8 32.Nd4 Nc5 33.Ne6+  1/2-1/2

[Event "EU-ch U20"]
[Site "Aalborg"]
[Date "1991.??.??"]
[Round "?"]
[White "Topalov, Veselin"]
[Black "Antonsen, Mikkel"]
[Result "0-1"]
[WhiteElo "2455"]
[BlackElo "2250"]

1.e4 e6 2.d4 d5 3.Nd2 Be7 4.Ngf3 Nf6 5.Bd3 c5 6.e5 Nfd7 7.c3 b6 8.Nf1 Ba6
9.Bxa6 Nxa6 10.Ng3 Qc7 11.Bg5 Bxg5 12.Nxg5 cxd4 13.cxd4 Qc4 14.a3 Rc8 15.Qh5 g6
16.Qf3 O-O 17.Ne2 h6 18.Nh3 Qc2 19.b3 Nab8 20.Qe3 Kg7 21.O-O Nc6 22.Rfc1 Qe4
23.Qxe4 dxe4 24.Nhf4 Na5 25.Rab1 Rfd8 26.Nc3 g5 27.Nh5+ Kg6 28.g4 Nb8 29.Nb5 Rxc1+
30.Rxc1 Nxb3 31.Rc4 Nd2 32.Rc7 Nf3+ 33.Kg2 Nxd4 34.Nxd4 Rxd4 35.Rc8 Nd7 36.Rg8+ Kh7
37.Rd8 e3 38.fxe3 Rxg4+ 39.Kf1 Kg6 40.Rxd7 Kxh5 41.Rxf7 Ra4 42.Rf6 Rxa3 43.Ke2 Ra2+
44.Kd3 Rxh2 45.Rxe6 Rf2 46.Re8 Rf7 47.Rg8 a5 48.Ke4 Ra7 49.e6 a4 50.Rd8 Kg6
51.Rd7 Ra8 52.Kd5 Re8 53.Kd6 g4 54.Re7 Ra8 55.Rd7 a3 56.e7 Re8 57.Ke6 b5
58.Rd8 Rxe7+ 59.Kxe7 b4 60.Ke6 a2 61.Rg8+ Kh5 62.Ra8 b3 63.Kf5  0-1